Pháp lệnh về thực hành tiết kiệm chống lãng phí

v.v...

Đã lưu trong:
Chi tiết thư mục
Định dạng: Sách
Năm xuất bản: H. Chính trị Quốc gia 1998
Chủ đề:
Tags: Thêm thẻ
Không có thẻ, Hãy là người đầu tiên gắn thẻ bản ghi này!
LEADER 01348nam a2200253 4500
082 |a 343.59702  |b PH109l. 
100 |a   
245 |a Pháp lệnh về thực hành tiết kiệm chống lãng phí  |c Nước Cộng hòa Xã hội Chủ nghĩa Việt Nam 
250 |a   
260 |a H.  |b Chính trị Quốc gia  |c 1998 
300 |a 32 tr.  |c 19 cm 
520 |a v.v... 
653 |a Pháp luật 
653 |a Việt Nam 
653 |a Pháp lệnh 
653 |a tiết kiệm 
653 |a chống lãng phí 
942 |2 ddc  |c STK0 
999 |c 9651  |d 9651 
952 |0 0  |1 0  |2 ddc  |4 0  |6 343_597020000000000_PH109L  |7 0  |8 300  |9 76468  |a qbu  |b qbu  |c D2  |d 2015-05-25  |g 2800  |o 343.59702 PH109l.  |p 9550.c1  |r 0000-00-00  |w 2015-05-25  |y STK0 
952 |0 0  |1 0  |2 ddc  |4 0  |6 343_597020000000000_PH109L  |7 0  |8 300  |9 76469  |a qbu  |b qbu  |c D2  |d 2015-05-25  |g 2800  |o 343.59702 PH109l.  |p 9550.c2  |r 0000-00-00  |w 2015-05-25  |y STK0 
952 |0 0  |1 0  |2 ddc  |4 0  |6 343_597020000000000_PH109L  |7 0  |8 300  |9 76470  |a qbu  |b qbu  |c D2  |d 2015-05-25  |g 2800  |o 343.59702 PH109l.  |p 9550.c3  |r 0000-00-00  |w 2015-05-25  |y STK0 
952 |0 0  |1 0  |2 ddc  |4 0  |6 343_597020000000000_PH109L  |7 0  |8 300  |9 76471  |a qbu  |b qbu  |c D2  |d 2015-05-25  |g 2800  |o 343.59702 PH109l.  |p 9550.c4  |r 0000-00-00  |w 2015-05-25  |y STK0 
952 |0 0  |1 0  |2 ddc  |4 0  |6 343_597020000000000_PH109L  |7 0  |8 300  |9 76472  |a qbu  |b qbu  |c D2  |d 2015-05-25  |g 2800  |o 343.59702 PH109l.  |p 9550.c5  |r 0000-00-00  |w 2015-05-25  |y STK0